000 00373nam a2200145Ia 4500
008 231129s2005||||xx |||||||||||||| ||spa||
020 _a970-5775-16-8
040 _bspa
082 _a579.3 G633b
100 _aGómez Roig Edurne
245 0 _aLas bacterias
260 _c2005
264 _aLibros del Escarabajo
942 _2ddc
_cBKS
999 _c18607
_d18607